A paedagogia [!pedagógia] kapcsolata az állat-lélektannal [!állatlélektannal] [lapszemle] /

Elmentve itt :
Bibliográfiai részletek
Szerzők: Kelemen Ignác
Claparède Édouard
Dokumentumtípus: Cikk
Megjelent: 1911
Sorozat:Magyar pedagógia : a Magyar Tudományos Akadémia Pedagógiai Bizottságának folyóirata 20
Kulcsszavak:Gyermekpszichológia - magatartáskutatás, Állatpszichológia vizsgálat, Lapszemle
Online Access:http://misc.bibl.u-szeged.hu/8903
LEADER 00817nab a2200193 i 4500
001 misc8903
005 20191106143734.0
008 170607s1911 hu o 0|| hun d
022 |a 0025-0260 
040 |a SZTE Miscellanea Repozitórium  |b hun 
041 |a hun 
100 1 |a Kelemen Ignác 
245 1 2 |a A paedagogia [!pedagógia] kapcsolata az állat-lélektannal [!állatlélektannal]   |h [elektronikus dokumentum] :  |b [lapszemle] /  |c  Kelemen Ignác 
260 |c 1911 
300 |a 642-643 
490 0 |a Magyar pedagógia : a Magyar Tudományos Akadémia Pedagógiai Bizottságának folyóirata  |v 20 
695 |a Gyermekpszichológia - magatartáskutatás, Állatpszichológia vizsgálat, Lapszemle 
700 0 1 |a Claparède Édouard  |e aut 
856 4 0 |u http://misc.bibl.u-szeged.hu/8903/1/mp_1911_1713_642-643.pdf  |z Dokumentum-elérés